• 首页
  • 本馆介绍
  • 公告通知
  • 最新文献
  • 馆藏检索
  • 电子资源
  • 读者导购
  • 参考咨询
  • 我的图书馆
  • 登录
  • 详细信息显示
  • 放入我的书架
  • 预约/预借图书
  • 作者相关作品
  • 分类相关作品
  • 丛书相关作品
  • 出版社相关作品

书目信息

  • 表格格式
  • 工作单格式
  • 卡片格式
题名:
大学生创新创业基础
    
 
作者: 郭金玫 , 珠兰 主编
分册:  
出版信息: 上海   上海交通大学出版社  2017
页数: 301页
开本: 26cm
丛书名: 高等院校创新创业精品教材
单 册:
中图分类: G640
科图分类:
主题词: 大学生--da xue sheng--教材--职业选择--高等学校
电子资源:
ISBN: 978-7-313-13308-3
000 01142nam 2200289 45
001 012001008129
005 20131022104432.0
010    @a978-7-313-13308-3@dCNY49.80
099    @aCAL 012017075212
100    @a20170510d2017 ekmy0chiy50 ea
101 0  @achi
102    @acN@b310000
105    @aa z 000yy
106    @ar
200 1  @a大学生创新创业基础@Ada xue sheng chuang xin chuang ye ji chu@f郭金玫,珠兰主编
210    @a上海@c上海交通大学出版社@d2017
215    @a301页@d26cm@e1作业本
225 2  @a高等院校创新创业精品教材@Agao deng yuan xiao chuang xin chuang ye jing pin jiao cai
314    @a封面题:含微课
330    @a本书从实用角度出发,系统地阐述了大学生创新创业知识。本书主要内容包括创新与创新意识、创新思维与创新方法、创业认知、创业机会与创业风险、创业资源与创业模式、创业者与创业团队、创业计划书、新企业的创建、新企业的运营管理等。
410  0 @12001 @a高等院校创新创业精品教材
606 0  @a大学生@Ada xue sheng@j教材@x职业选择@x高等学校
690    @aG640@v5
701  0 @a郭金玫@Aguo jin mei@4主编
701  0 @a珠兰@Azhu lan@4主编
801  2 @aCN@b上海新华@c20191020
905    @b1177973-6@dG640@e1114@f4
    
    大学生创新创业基础/郭金玫,珠兰主编.-上海:上海交通大学出版社,2017
    301页;26cm+1作业本.-(高等院校创新创业精品教材)
    
    
    ISBN 978-7-313-13308-3:CNY49.80
    本书从实用角度出发,系统地阐述了大学生创新创业知识。本书主要内容包括创新与创新意识、创新思维与创新方法、创业认知、创业机会与创业风险、创业资源与创业模式、创业者与创业团队、创业计划书、新企业的创建、新企业的运营管理等。
●
相关链接 在E读中查询图书 在五车中查询图书 在当当中查询图书 在豆瓣中查询图书


正题名:大学生创新创业基础     索取号:G640/1114         预约/预借

序号 登录号 条形码 馆藏地/架位号 状态 备注
1 1177973   211779734   第一样本阅览室/ [索取号:G640/1114] 在馆    
2 1177974   211779743   第四借阅区/ [索取号:G640/1114] 在馆    
3 1177975   211779752   第四借阅区/ [索取号:G640/1114] 在馆    
4 1177976   211779761   第四借阅区/ [索取号:G640/1114] 在馆    
唐山师范学院图书馆 欢迎您!
大连网信软件有限公司© 版权所有